000
00315nam a2200145Ia 4500
100
_a
Maharashtra Civil Services
650
_a
General
942
_c
BK
654
_a
Pension Rules.
245
_a
Pension Rules 1982
260
_b
Financial Pub.
_a
Bombay
_c
1985
300
_a
241
546
_a
ENGLISH
999
_c
26411
_d
26411